Capitals Without the Letters of “Baghdad” - Statistics

General Stats
  • This quiz has been taken 4 times
  • The average score is 13 of 19
Answer Stats
Continents Capitals % Correct
North America Mexico City
100%
Europe Moscow
100%
Europe Rome
100%
Asia Seoul
100%
Asia Tokyo
100%
Europe Oslo
75%
South America Sucre
75%
Africa Tunis
75%
Europe Vilnius
75%
Africa Freetown
50%
Europe Kiev
50%
Africa Lomé
50%
Europe Minsk
50%
Africa Moroni
50%
Africa Porto-Novo
50%
South America Quito
50%
Europe Skopje
50%
Africa Tripoli
50%
Africa Port Louis
25%
No matching quizzes found
Score Distribution
Percent of People with Each Score
Percentile by Number Answered
Your Score History
You have not taken this quiz